Revitalizácia mestského bloku Dunajská Rajská, Bratislava

Gespeichert in:
Bibliographische Detailangaben
1. Verfasser: Podskočová, Petra (Verfasst von)
Weitere Verfasser: Skoček, Iľja (Betreuung Doktorarbeit)
Format: Manuskript Buch
Sprache:Slowakisch
Veröffentlicht: 2025
Schlagworte:
Online-Zugang:http://is.stuba.sk/zp/portal_zp.pl?podrobnosti=181829
CRZP
Tags: Tag hinzufügen
Keine Tags, Fügen Sie das erste Tag hinzu!

MARC

LEADER 00000ntm a22000003a 4500
001 stuzp104272
003 SK-STU
005 20250731150305.4
007 ta
008 150427s2015----xo-----f-mn---000-0-slo-d
040 |a STU  |b slo 
041 0 |a slo 
100 1 |a Podskočová, Petra  |u 010310  |4 aut  |U SvF Stavebná fakulta  |T SvF Katedra architektúry  |X 103940  |U V181|V310  |Y 19  |7 103940 
242 0 1 |a Urban block Dunajská Rajská renewal, Bratislava  |y eng 
245 1 0 |a Revitalizácia mestského bloku Dunajská Rajská, Bratislava 
260 |c 2025 
650 4 |a housing  |2 eng 
650 4 |a rooftop community garden  |2 eng 
650 4 |a Tržné námestie  |2 eng 
650 4 |a Kamenné námestie  |2 eng 
650 4 |a inner block  |2 eng 
650 4 |a market  |2 eng 
650 4 |a arcade  |2 eng 
650 4 |a revitalization  |2 eng 
650 4 |a bývanie  |2 slo 
650 4 |a strešná komunitná záhrada  |2 slo 
650 4 |a Tržné námestie  |2 slo 
650 4 |a Kamenné námestie  |2 slo 
650 4 |a pasáž  |2 slo 
650 4 |a tržnica  |2 slo 
650 4 |a revitalizácia  |2 slo 
700 1 |a Skoček, Iľja  |u 010310  |k Z8  |4 ths  |U SvF Stavebná fakulta  |T SvF Katedra architektúry  |X 71168  |U V181|V310  |Y 19  |7 71168 
856 4 |u http://is.stuba.sk/zp/portal_zp.pl?podrobnosti=181829 
856 4 |u https://opac.crzp.sk/?fn=detailBiblioForm&sid=F7FB4258F672B8ADCEA3AD6B85D1  |z CRZP